30 titres de chanson en O - Statistiques

Statistiques générales
  • Ce quiz a été pris 34 fois
  • Le résultat moyen est 7 sur 30
Statistiques - réponses
Hint Réponse % Correct
Stéphanie de Monaco Ouragan
88%
Kids United On écrit sur les murs
61%
Alain Bashung Osez Joséphine
52%
Gilbert Montagné On va s'aimer
42%
Jean-Jacques Goldman On ira
39%
Christophe Maé On s'attache
36%
Jennifer Lopez On the floor
33%
Patrick Juvet Où sont les femmes
33%
Aventura Obsession
30%
IZ Over the rainbow
27%
Eric Morena Oh mon bateau
24%
Marie Myriam L'oiseau et l'enfant
21%
Amir On dirait
21%
Ariana Grande One last time
21%
Britney Spears Oups i did it again
21%
Drake One dance
18%
Michel Polnareff On ira tous au paradis
15%
Bernard Lavilliers On the road again
15%
Angèle Oui ou non
15%
Francis Cabrel Octobre
12%
One direction One thing
9%
Shy'm Oublie-moi
9%
Amel Bent Où je vais
9%
Au bonheur des dames Oh les filles
6%
M Pokora On est là
6%
Shakira Objection
3%
Calvin Harris Ocean
3%
Jul On m'appelle l'ovni
3%
Gilbert Bécaud L'orange
0%
Alain Souchon On avance
0%
Aucun quiz correspondant
Distribution des résultats
% des personnes avec chaque résultat
Percentile par nombre de réponses
Votre historique - résultats
Vous n’avez pas pris ce quiz